000 00647nam a2200217Ia 4500
005 20240419151432.0
008 131103s9999 xx 000 0 und d
040 _aLoreto College
041 _aEnglish
082 _a891.73
_bDOS
100 _aDostoyevsky
245 _aNotes from underground white nights
_cDostoyevsky; translated & afterword by Andrew R.MacAndrew
260 _aNew York
_bNew American Library
_cc 1961
300 _a240 p.
440 _aA signet Classic
504 _aIncludes bibliographical references
650 _aThe Dream of a ridiculousmar
651 _aThe House of the dead
850 _aLCLIB
942 _cBK
999 _c13639
_d64118